Rubik's Cube world record holders - Statistics

General Stats
  • This quiz has been taken 38 times
  • The average score is 15 of 23
Answer Stats
Time Answer % Correct
4.22 Feliks Zemdegs
94%
4.59 Feliks Zemdegs
94%
4.73 Feliks Zemdegs
94%
5.66 Feliks Zemdegs
94%
6.18 Feliks Zemdegs
94%
6.24 Feliks Zemdegs
94%
6.65 Feliks Zemdegs
94%
6.77 Feliks Zemdegs
94%
7.03 Feliks Zemdegs
94%
4.74 Mats Valk
91%
5.55 Mats Valk
91%
3.47 Yusheng Du
91%
4.90 Lucas Etter
68%
5.25 Collin Burns
56%
4.69 Patrick Ponce
56%
4.59 SeungBeom Cho
44%
5.09 Keaton Ellis
38%
8.72 Yu Nakajima
29%
7.08 Erik Akkersdijk
24%
9.77 Erik Akkersdijk
24%
9.18 Edouard Chambon
18%
9.55 Ron van Bruchem
18%
9.86 Thibaut Jacquinot
15%
No matching quizzes found
Score Distribution
Percent of People with Each Score
Percentile by Number Answered
Your Score History
You have not taken this quiz